000 01022nam a2200313 a 4500
001 000011751
003 DO-SdBNP
005 20250212090952.0
007 ta
008 091027s1993 dr 001 p spa d
040 _aDO-SdBNP
_bspa
_cBNPHU
_erda
041 _hspa
082 _aRD863.44
_bA696q
_222
100 1 _aArias Belliard, Fermín
_d1930-2008
_eautor
_927810
245 1 0 _a500 años de zoquetá /
_cFermín Arias Belliard ; prólogo Guanay-Castillo.
246 1 3 _aQuinientos años de zoquetá
264 _aSanto Domingo :
_bBúho,
_c1993.
300 _a365 páginas ;
_c22 cm.
336 _ardacontent
_btexto
_2txt
337 _ardamedia
_bsin mediación
_2n
338 _ardacarrier
_bvolumen
_2nc
500 _aIncluye datos biográficos del autor en la contracubierta
590 _aInventariado 2020/MFF
650 0 _aNovela dominicana
_9223
650 0 _aLiteratura dominicana.
_967
700 1 2 _aGuanay-Castillo
_eprólogo
_927811
910 _aValidado. Control de calidad MFF
942 _2ddc
_cLBS1
999 _c11426
_d11426